Városaink lakóházainak építési anyaga [különlenyomat] /
Elmentve itt :
| Szerző: | |
|---|---|
| Dokumentumtípus: | Cikk |
| Megjelent: |
1933
|
| Sorozat: | Kolligátum
|
| Kulcsszavak: | Építkezés - Magyarország |
| Online Access: | http://misc.bibl.u-szeged.hu/23545 |
| LEADER | 00569nab a2200169 i 4500 | ||
|---|---|---|---|
| 001 | misc23545 | ||
| 005 | 20191108150324.0 | ||
| 008 | 170821s1933 hu o 0|| zxx d | ||
| 040 | |a SZTE Miscellanea Repozitórium |b hun | ||
| 041 | |a zxx | ||
| 100 | 1 | |a Kovács Alajos | |
| 245 | 1 | 0 | |a Városaink lakóházainak építési anyaga |h [elektronikus dokumentum] : |b [különlenyomat] / |c Kovács Alajos |
| 260 | |c 1933 | ||
| 300 | |a 1-22 | ||
| 490 | 0 | |a Kolligátum | |
| 695 | |a Építkezés - Magyarország | ||
| 856 | 4 | 0 | |u http://misc.bibl.u-szeged.hu/23545/1/09825_001-022.pdf |z Dokumentum-elérés |